Feijoo crítico-moral, y reflexivo de su theatro sobre errores comunes (Record no. 153355)

MARC details
000 -LEADER
campo de control de longitud fija 01169nam a2200205 i 4500
001 - NÚMERO DE CONTROL
campo de control 153355
003 - IDENTIFICADOR DE NÚMERO DE CONTROL
campo de control ES-MaACL
005 - FECHA Y HORA DE LA ÚLTIMA TRANSACCIÓN
campo de control 20250723051956.0
008 - DATOS DE LONGITUD FIJA--INFORMACIÓN GENERAL
campo de control de longitud fija 011031s1764 sp |||| | spa d
040 ## - FUENTE DE CATALOGACIÓN
Centro catalogador/agencia de origen CYL
Lengua de catalogación spa
Centro/agencia transcriptor CYL
100 1# - ENTRADA PRINCIPAL--NOMBRE DE PERSONA
Nombre de persona Cuesta, Leonardo Antonio de la.
9 (RLIN) 126663
245 10 - MENCIÓN DEL TÍTULO
Título Feijoo crítico-moral, y reflexivo de su theatro sobre errores comunes
Resto del título : con un breve resumen de cada uno de sus discursos ... /
Mención de responsabilidad, etc. su autor Don Leonardo Antonio de la Cuesta ... ; tomo segundo.
260 ## - PUBLICACIÓN, DISTRIBUCIÓN, ETC.
Lugar de publicación, distribución, etc. En Madrid :
Nombre del editor, distribuidor, etc. En la oficina de Manuel Martín,
Fecha de publicación, distribución, etc. 1764.
300 ## - DESCRIPCIÓN FÍSICA
Extensión [2], 36, [2] en bl., [2], 37-71, [2] en bl., [2], 73-108, [2] en bl., [2], 111-140, [2], 143-180, [2], 181-244, [2], 245-277, [2], 279-310, [2] en bl., [2], 311-343, [2], 345-381, [2], 383-419 p. ;
Dimensiones 8ª.
597 #1 - NOTA DE DESCRIPCIÓN FÍSICA
NOTA DE DESCRIPCIÓN FÍSICA Sign.: A-B8, C4, D-E8, F4, G-H8, I4, K8, L10, M-N8, O4, P-Q8, R2, S-V8, Y2, Z8, 2A8, 2B2, 2C-2D8, 2E2, 2F-2G8, 2H4, 2I-2K8, 2L4.
597 ## - NOTA DE DESCRIPCIÓN FÍSICA
NOTA DE DESCRIPCIÓN FÍSICA Cada discurso con portadilla propia.
600 17 - PUNTO DE ACCESO ADICIONAL DE MATERIA--NOMBRE DE PERSONA
Nombre de persona Feijoo, Benito Jerónimo,
Fechas asociadas al nombre 1676-1764.
Título de la obra Teatro crítico universal-
Subdivisión de forma Crítica e interpretación
Fuente del encabezamiento o término
9 (RLIN) 127028
852 ## - LOCALIZACIÓN
Ubicación ES-MaACL
Número de control de estantería R-1256
Nota libre -- Enc. perg.
Holdings
Estatus retirado Estado de pérdida Estado de daño No para préstamo Colección Biblioteca de origen Biblioteca actual Ubicación en estantería Fecha de adquisición Fuente de adquisición Total de préstamos Signatura topográfica completa Código de barras Visto por última vez Precio de reemplazo Tipo de ítem Koha
        Libros del s. XVIII Biblioteca del Ateneo de Madrid Biblioteca del Ateneo de Madrid Depósito 17/01/2008     R-1256 1160267 23/02/2023 23/02/2023 Libro impreso antiguo